000 00374nam a2200145Ia 4500
008 220204s9999 xx 000 0 und d
020 _a0120007924
082 _a631/635
_bADV.74
100 _aSparks, Donald L
245 0 _aAdvances in agronomy V.74
260 _aSan Diego
_bAcademic Press
_c2001
650 _aAcid soil tolerance
650 _aSoil quality
942 _cBK
999 _c41899
_d41899